[Event "Montreal Mercredi 02"]
[Site "Montreal"]
[Date "2019.03.13"]
[Round "4"]
[White "Gates, Claude Eric"]
[Black "Jean, Robert"]
[Result "0-1"]
[WhiteElo "1819"]
[BlackElo "1745"]
[PlyCount "98"]
[EventDate "2019.02.20"]
[EventType "swiss"]
[EventRounds "5"]
[EventCountry "CAN"]
[SourceTitle "EXT 2022"]
[Source "ChessBase"]
[SourceDate "2021.10.06"]
[SourceVersion "1"]
[SourceVersionDate "2021.10.06"]
[SourceQuality "1"]

1. e4 c5 2. Nf3 Nc6 3. Bb5 Nd4 4. Nxd4 cxd4 5. 0-0 e5 6. d3 Qb6 7. Bc4 Nf6 8. Nd2 Be7 9. Bb3 0-0 10. Nc4 Qc7 11. f4 d6 12. a4 b6 13. Bd2 Bb7 14. Be1 exf4 15. Rxf4 d5 16. Bg3 dxc4 17. Rxf6 Qd8 18. Rxf7 cxb3 19. Rxf8+ Qxf8 20. Qe2 bxc2 21. Qxc2 Rc8 22. Qb3+ Qf7 23. Qb5 Qe6 24. a5 Qc6 25. Qb3+ Kh8 26. Rf1 h6 27. Qf7 Bg5 28. Be5 Be3+ 29. Kh1 Rg8 30. Qh5 Ba6 31. Qe2 Qxe4 32. dxe4 Bxe2 33. Re1 d3 34. Bc3 Bf2 35. Ra1 Re8 36. e5 Kg8 37. axb6 Bxb6 38. h3 Kf7 39. g4 Ke6 40. Kg2 Rf8 41. Ra4 g5 42. Kg3 Bf2+ 43. Kg2 Be3 44. Ra6+ Kd5 45. Rxh6 Rf2+ 46. Kg3 Ke4 47. e6 Bf1 48. h4 Rg2+ 49. Kh3 Bf4 0-1

[Event "Montreal Mercredi 02"]
[Site "Montreal"]
[Date "2019.03.08"]
[Round "5"]
[White "Jean, Robert"]
[Black "Ostaci, Liviu"]
[Result "1-0"]
[WhiteElo "1745"]
[BlackElo "1692"]
[PlyCount "49"]
[EventDate "2019.02.20"]
[EventType "swiss"]
[EventRounds "5"]
[EventCountry "CAN"]
[SourceTitle "EXT 2022"]
[Source "ChessBase"]
[SourceDate "2021.10.06"]
[SourceVersion "1"]
[SourceVersionDate "2021.10.06"]
[SourceQuality "1"]

1. d4 e6 2. e4 d5 3. e5 c5 4. c3 Nc6 5. Nf3 Bd7 6. a3 c4 7. Be2 f5 8. 0-0 Nge7 9. Nbd2 Ng6 10. b3 b5 11. Re1 Be7 12. b4 0-0 13. Nf1 a5 14. Bd2 a4 15. g3 f4 16. Kg2 Rf7 17. h4 fxg3 18. fxg3 Nh8 19. N1h2 Qc7 20. Ng5 Bxg5 21. Bxg5 Raf8 22. Be3 Be8 23. Bh5 Rf5 24. Bg4 Bg6 25. h5 1-0

[Event "Montreal Mercredi 01"]
[Site "Montreal"]
[Date "2019.01.09"]
[Round "1"]
[White "Jean, Robert"]
[Black "Ostaci, Liviu"]
[Result "0-1"]
[WhiteElo "1735"]
[BlackElo "1713"]
[PlyCount "132"]
[EventDate "2019.01.09"]
[EventType "swiss"]
[EventRounds "5"]
[EventCountry "CAN"]
[SourceTitle "EXT 2022"]
[Source "ChessBase"]
[SourceDate "2021.10.06"]
[SourceVersion "1"]
[SourceVersionDate "2021.10.06"]
[SourceQuality "1"]

1. d4 d6 2. e4 g6 3. Nc3 Bg7 4. Be3 c6 5. Qd2 Nd7 6. 0-0-0 e6 7. Kb1 d5 8. exd5 cxd5 9. Nf3 Nb6 10. Bf4 Bd7 11. Nb5 Bxb5 12. Bxb5+ Kf8 13. Qb4+ Ne7 14. Bg5 h6 15. Bh4 g5 16. Bg3 Bf6 17. Be5 Kg7 18. Qe1 Ng6 19. Bd3 Bxe5 20. Bxg6 Bf6 21. Bh5 Rc8 22. Ne5 Rf8 23. g3 Bxe5 24. dxe5 Nc4 25. Rd3 Qc7 26. Qc3 Qxe5 27. Qxe5+ Nxe5 28. Rb3 Rc7 29. f4 Nc4 30. Rd3 Nd6 31. fxg5 hxg5 32. h4 gxh4 33. gxh4 Rc4 34. b3 Rf4 35. Bd1 Ne4 36. Rh2 Nf6 37. Rg3+ Kh8 38. Kb2 Rg8 39. Rxg8+ Kxg8 40. h5 e5 41. h6 Kh7 42. Kc3 Ng8 43. Bh5 Nxh6 44. Be2 Kg7 45. a4 Nf5 46. Rg2+ Kf8 47. Rh2 Rh4 48. Rf2 Nd6 49. Kb2 f5 50. Rg2 Kf7 51. Rg5 Rh6 52. a5 a6 53. Ka3 e4 54. Kb4 Kf6 55. Rg8 Ke5 56. Kc5 Rh2 57. Bd1 e3 58. Rg1 f4 59. Bf3 Rxc2+ 60. Kb4 Ne4 61. Ka3 Rc7 62. Kb2 d4 63. Rg8 Nd2 64. Re8+ Kd6 65. Bg4 Re7 66. Rd8+ Ke5 0-1

[Event "Montreal Mercredi 08"]
[Site "Montreal"]
[Date "2018.09.19"]
[Round "4"]
[White "Gates, Claude Eric"]
[Black "Jean, Robert"]
[Result "1-0"]
[WhiteElo "1690"]
[BlackElo "1683"]
[PlyCount "81"]
[EventDate "2018.08.29"]
[EventType "swiss"]
[EventRounds "5"]
[EventCountry "CAN"]
[SourceTitle "EXT 2022"]
[Source "ChessBase"]
[SourceDate "2021.10.06"]
[SourceVersion "1"]
[SourceVersionDate "2021.10.06"]
[SourceQuality "1"]

1. d4 Nf6 2. c4 e6 3. Nc3 Bb4 4. e3 0-0 5. Nge2 d5 6. a3 Be7 7. cxd5 exd5 8. Nf4 c6 9. Bd3 Re8 10. 0-0 Nbd7 11. Qc2 Nf8 12. f3 Ne6 13. Nxe6 Bxe6 14. b4 a6 15. Bb2 h6 16. Qf2 Bf8 17. Rac1 Bd7 18. e4 Nh5 19. Ne2 g6 20. e5 Kh7 21. Bc3 Ng7 22. Ng3 h5 23. Bd2 h4 24. Ne2 Bf5 25. Qe3 Bxd3 26. Qxd3 Nf5 27. g4 hxg3 28. hxg3 Bh6 29. Bxh6 Kxh6 30. Kf2 Rh8 31. Qd2+ Kg7 32. Rh1 Qe7 33. g4 Rxh1 34. Rxh1 Nh4 35. Ng3 Rh8 36. f4 f6 37. Qe2 fxe5 38. dxe5 Rf8 39. Qe3 b6 40. Ke2 c5 41. f5 1-0

[Event "Montreal Mercredi 08"]
[Site "Montreal"]
[Date "2018.09.05"]
[Round "2"]
[White "Jean, Robert"]
[Black "Ostaci, Liviu"]
[Result "0-1"]
[WhiteElo "1683"]
[BlackElo "1684"]
[PlyCount "92"]
[EventDate "2018.08.29"]
[EventType "swiss"]
[EventRounds "5"]
[EventCountry "CAN"]
[SourceTitle "EXT 2022"]
[Source "ChessBase"]
[SourceDate "2021.10.06"]
[SourceVersion "1"]
[SourceVersionDate "2021.10.06"]
[SourceQuality "1"]

1. d4 Nf6 2. c4 g6 3. Nc3 Bg7 4. e4 d6 5. f3 0-0 6. Bg5 c6 7. Qd2 Re8 8. 0-0-0 Qa5 9. Kb1 Qc7 10. h4 e5 11. d5 cxd5 12. cxd5 Nh5 13. Nb5 Qd7 14. Rc1 Na6 15. Be3 Ng3 16. Rh2 Nxf1 17. Rxf1 Qxb5 18. Rc1 f5 19. h5 f4 20. Bf2 g5 21. Ne2 Bf6 22. Nc3 Qa5 23. Be1 Qd8 24. Qe2 Bd7 25. g4 h6 26. a3 Rb8 27. Bf2 Nc5 28. b4 Nb3 29. Rf1 Nd4 30. Qd1 a5 31. Be1 axb4 32. axb4 Rc8 33. Ra2 Ra8 34. Kb2 Rxa2+ 35. Nxa2 Qa8 36. Rf2 Qa6 37. Bc3 Ra8 38. Kb1 Qc4 39. Qd2 Ba4 40. Bb2 Bc2+ 41. Kc1 Rxa2 42. Qc3 Qxc3 43. Bxc3 Bb3 44. Bb2 Ra4 45. Bc3 Bc4 46. Kd1 Kf7 0-1

[Event "Quebec-ch Senior"]
[Site "Montreal"]
[Date "2018.04.21"]
[Round "2.9"]
[White "Jean, Robert"]
[Black "Dubreuil, Raymond"]
[Result "1/2-1/2"]
[WhiteElo "1763"]
[BlackElo "1507"]
[PlyCount "113"]
[EventDate "2018.04.20"]
[EventType "swiss"]
[EventRounds "5"]
[EventCountry "CAN"]
[SourceTitle "EXT 2022"]
[Source "ChessBase"]
[SourceDate "2021.10.06"]
[SourceVersion "1"]
[SourceVersionDate "2021.10.06"]
[SourceQuality "1"]

1. d4 Nf6 2. c4 g6 3. Nc3 d5 4. Bf4 c5 5. dxc5 Qa5 6. cxd5 Qxc5 7. e3 Bg7 8. Be2 Nbd7 9. Rc1 Qa5 10. Nf3 Ne4 11. Qb3 0-0 12. 0-0 Nxc3 13. bxc3 Nc5 14. Qb5 Qxb5 15. Bxb5 a6 16. Be2 b5 17. Be5 Bxe5 18. Nxe5 Bb7 19. Rfd1 Ne4 20. f3 Nd6 21. Nd7 Rfd8 22. Nc5 Rac8 23. Nxb7 Nxb7 24. e4 Nd6 25. g4 f6 26. Kf2 Kf7 27. Rd4 Rc5 28. Ke3 Rdc8 29. Kd2 a5 30. a3 Nc4+ 31. Bxc4 Rxc4 32. Rxc4 Rxc4 33. Rb1 Rc5 34. Kd3 e5 35. h4 h6 36. Rb2 Ke7 37. Rg2 Rc4 38. Rb2 Rc5 39. h5 g5 40. a4 bxa4 41. Ra2 Kd6 42. Rxa4 Rb5 43. Rc4 Rb6 44. Rc8 Ra6 45. Kc2 a4 46. Kb2 Kd7 47. Rh8 Rb6+ 48. Ka3 Rb3+ 49. Kxa4 Rxc3 50. Rxh6 Rxf3 51. Rh7+ Kd6 52. Rf7 Rf4 53. h6 Rxe4+ 54. Kb5 Rxg4 55. h7 Rh4 56. Rxf6+ Kxd5 57. Rf7 1/2-1/2

[Event "Quebec-ch Senior"]
[Site "Montreal"]
[Date "2018.04.21"]
[Round "3.7"]
[White "Rabutki, Dmitri"]
[Black "Jean, Robert"]
[Result "1/2-1/2"]
[WhiteElo "1610"]
[BlackElo "1763"]
[PlyCount "52"]
[EventDate "2018.04.20"]
[EventType "swiss"]
[EventRounds "5"]
[EventCountry "CAN"]
[SourceTitle "EXT 2022"]
[Source "ChessBase"]
[SourceDate "2021.10.06"]
[SourceVersion "1"]
[SourceVersionDate "2021.10.06"]
[SourceQuality "1"]

1. e4 c5 2. Bc4 Nc6 3. d3 e6 4. Nc3 Be7 5. Nge2 Nf6 6. Ng3 0-0 7. 0-0 d5 8. Bb3 d4 9. Nce2 Na5 10. Bd2 Nxb3 11. axb3 e5 12. f4 exf4 13. Bxf4 a6 14. Qd2 Be6 15. Qa5 Qxa5 16. Rxa5 h6 17. Bd2 Rfd8 18. Nf5 Bxf5 19. Rxf5 g6 20. Rf1 Kg7 21. Bf4 Rac8 22. Be5 Rc6 23. Nf4 Kh7 24. Bxf6 Rxf6 25. Nd5 Rxf1+ 26. Kxf1 Bf8 1/2-1/2

[Event "Montreal Mercredi 04"]
[Site "Montreal"]
[Date "2018.04.18"]
[Round "3"]
[White "Jean, Robert"]
[Black "Gates, Claude Eric"]
[Result "1-0"]
[WhiteElo "1763"]
[BlackElo "1749"]
[PlyCount "120"]
[EventDate "2018.04.04"]
[EventType "swiss"]
[EventRounds "5"]
[EventCountry "CAN"]
[SourceTitle "EXT 2022"]
[Source "ChessBase"]
[SourceDate "2021.10.06"]
[SourceVersion "1"]
[SourceVersionDate "2021.10.06"]
[SourceQuality "1"]

1. d4 d5 2. c4 e5 3. dxe5 d4 4. Nf3 Nc6 5. g3 Nge7 6. Bg2 Ng6 7. Bf4 Be6 8. Nbd2 Be7 9. 0-0 Nxf4 10. gxf4 g5 11. fxg5 Bxg5 12. Nxg5 Qxg5 13. Nf3 Qg4 14. h3 Qg6 15. Kh2 0-0-0 16. Qa4 Rhg8 17. Rg1 Qf5 18. Qb5 Qf4+ 19. Kh1 Rxg2 20. Rxg2 d3 21. Ng1 Bxc4 22. e3 Qh4 23. Qc5 Bd5 24. f3 Nxe5 25. e4 b6 26. Qf2 Qxf2 27. Rxf2 Bb7 28. Rd1 c5 29. b3 b5 30. Kh2 c4 31. bxc4 bxc4 32. f4 Nd7 33. e5 Nc5 34. Nf3 Ne4 35. Rff1 c3 36. Ne1 Ba6 37. Rg1 c2 38. Rc1 Bc4 39. Nxc2 dxc2 40. Rxc2 Nd2 41. Rgc1 Rd4 42. Kg3 Kd7 43. Rxd2 Rxd2 44. Rxc4 Rxa2 45. Kg4 a5 46. Kf5 a4 47. Kf6 Rh2 48. Rxa4 Rxh3 49. Kxf7 Rh5 50. Rd4+ Kc7 51. Kf6 Rh6+ 52. Kf5 Rh5+ 53. Kg4 Rh1 54. e6 Re1 55. f5 Re5 56. Kg5 h5 57. Kf6 Re1 58. Kf7 Re5 59. f6 h4 60. Rxh4 Kd6 1-0

[Event "Montreal Mercredi 02"]
[Site "Montreal"]
[Date "2018.03.21"]
[Round "5"]
[White "Dumouchel, Alain"]
[Black "Jean, Robert"]
[Result "1/2-1/2"]
[WhiteElo "1809"]
[BlackElo "1736"]
[PlyCount "58"]
[EventDate "2018.02.21"]
[EventType "swiss"]
[EventRounds "5"]
[EventCountry "CAN"]
[SourceTitle "EXT 2022"]
[Source "ChessBase"]
[SourceDate "2021.10.06"]
[SourceVersion "1"]
[SourceVersionDate "2021.10.06"]
[SourceQuality "1"]

1. e4 c5 2. Nf3 Nc6 3. Bb5 d6 4. Bxc6+ bxc6 5. 0-0 e5 6. h3 Be7 7. b3 f5 8. d3 Nf6 9. Nc3 0-0 10. Bg5 h6 11. Bd2 Nh7 12. exf5 Bxf5 13. Qe2 Qc7 14. Rae1 Rae8 15. Ne4 Bc8 16. Nh2 d5 17. Nc3 Bd6 18. f4 Bd7 19. Qf2 exf4 20. Ne2 g5 21. Kh1 Kg7 22. Ng1 Nf6 23. Ngf3 Nh5 24. Rxe8 Ng3+ 25. Kg1 Rxe8 26. Re1 Qd8 27. Nf1 Nf5 28. N1h2 Rxe1+ 29. Qxe1 Qe7 1/2-1/2

[Event "Montreal Mercredi 02"]
[Site "Montreal"]
[Date "2018.02.28"]
[Round "2"]
[White "Guipi Bopala, Prince Eric Jr"]
[Black "Jean, Robert"]
[Result "1-0"]
[WhiteElo "1838"]
[BlackElo "1736"]
[PlyCount "79"]
[EventDate "2018.02.21"]
[EventType "swiss"]
[EventRounds "5"]
[EventCountry "CAN"]
[SourceTitle "EXT 2022"]
[Source "ChessBase"]
[SourceDate "2021.10.06"]
[SourceVersion "1"]
[SourceVersionDate "2021.10.06"]
[SourceQuality "1"]

1. d4 Nf6 2. Nf3 d5 3. e3 c6 4. Bd3 Bg4 5. b3 e6 6. 0-0 Nbd7 7. Bb2 Bd6 8. Be2 0-0 9. Nbd2 Rc8 10. Ne5 Bxe2 11. Qxe2 Ne8 12. Nxd7 Qxd7 13. c4 Bb8 14. Rac1 f5 15. f4 Rf6 16. b4 Rh6 17. h3 Bd6 18. b5 Nf6 19. cxd5 exd5 20. bxc6 bxc6 21. Rc2 Bb4 22. Bc3 Bf8 23. Rb1 Ne8 24. Nf3 Nd6 25. Ne5 Qe8 26. Bb4 Ne4 27. Bxf8 Qxf8 28. Rb7 Qa3 29. Rcb2 Re6 30. R2b3 Qa5 31. Kh2 Nf6 32. R3b4 Qa3 33. Qc2 Ne4 34. Rb8 Ree8 35. Qxc6 Rxb8 36. Qxd5+ Kh8 37. Nf7+ Kg8 38. Nh6+ Kh8 39. Qg8+ Rxg8 40. Nf7# 1-0

[Event "Montreal Mercredi 02"]
[Site "Montreal"]
[Date "2018.02.21"]
[Round "1"]
[White "Jean, Robert"]
[Black "Gates, Claude Eric"]
[Result "1-0"]
[WhiteElo "1736"]
[BlackElo "1782"]
[PlyCount "65"]
[EventDate "2018.02.21"]
[EventType "swiss"]
[EventRounds "5"]
[EventCountry "CAN"]
[SourceTitle "EXT 2022"]
[Source "ChessBase"]
[SourceDate "2021.10.06"]
[SourceVersion "1"]
[SourceVersionDate "2021.10.06"]
[SourceQuality "1"]

1. d4 Nf6 2. c4 e5 3. dxe5 Ng4 4. Nf3 Bc5 5. e3 Nc6 6. Nc3 Ncxe5 7. Nxe5 Nxe5 8. f4 Ng6 9. Bd3 Qh4+ 10. g3 Qh3 11. Bf1 Qe6 12. Nd5 0-0 13. Nxc7 Qe4 14. Qd5 Bb4+ 15. Kf2 Qc2+ 16. Be2 Rb8 17. Qd3 Qa4 18. Nd5 Bc5 19. b3 Qa6 20. b4 Be7 21. f5 d6 22. Bb2 Be6 23. Nxe7+ Nxe7 24. fxe6 fxe6+ 25. Kg2 Qc6+ 26. e4 d5 27. b5 Qd6 28. Qc3 Rf7 29. Rhf1 Rbf8 30. Rxf7 Rxf7 31. Rf1 e5 32. Rxf7 Kxf7 33. Qxe5 1-0

[Event "Montreal Mercredi 11"]
[Site "Montreal"]
[Date "2017.11.15"]
[Round "1"]
[White "Brassard, Sylvain"]
[Black "Jean, Robert"]
[Result "1-0"]
[WhiteElo "1785"]
[BlackElo "1784"]
[PlyCount "77"]
[EventDate "2017.11.15"]
[EventType "swiss"]
[EventRounds "5"]
[EventCountry "CAN"]
[SourceTitle "EXT 2022"]
[Source "ChessBase"]
[SourceDate "2021.10.06"]
[SourceVersion "1"]
[SourceVersionDate "2021.10.06"]
[SourceQuality "1"]

1. d4 Nf6 2. Bg5 d5 3. Bxf6 exf6 4. g3 c6 5. c3 Be7 6. Bg2 0-0 7. e3 Re8 8. Ne2 Bg4 9. 0-0 Nd7 10. Re1 h6 11. f3 Bf5 12. e4 dxe4 13. fxe4 Bh7 14. Nd2 Bf8 15. b4 a5 16. a3 Ra7 17. Nf4 Nb8 18. Qf3 b5 19. Nd3 Nd7 20. Nb3 a4 21. Nbc5 Nxc5 22. Nxc5 Bxc5 23. bxc5 Rae7 24. Qf4 Re6 25. e5 g5 26. Qf2 fxe5 27. dxe5 Qc7 28. Rad1 Rxe5 29. Rxe5 Rxe5 30. Rd6 Qe7 31. Qd2 Bg6 32. h3 Rxc5 33. Rd8+ Kg7 34. Rc8 Qe5 35. Qd8 Bh7 36. Qf8+ Kg6 37. Re8 Qxc3 38. Be4+ Kh5 39. Qxf7+ 1-0

[Event "Montreal Mercredi 10"]
[Site "Montreal"]
[Date "2017.10.11"]
[Round "1"]
[White "Jean, Robert"]
[Black "O'Neill, Brendon"]
[Result "1/2-1/2"]
[WhiteElo "1751"]
[BlackElo "1698"]
[PlyCount "70"]
[EventDate "2017.10.11"]
[EventType "swiss"]
[EventRounds "5"]
[EventCountry "CAN"]
[SourceTitle "EXT 2022"]
[Source "ChessBase"]
[SourceDate "2021.10.06"]
[SourceVersion "1"]
[SourceVersionDate "2021.10.06"]
[SourceQuality "1"]

1. d4 Nf6 2. c4 e6 3. Nc3 d5 4. Bg5 Be7 5. cxd5 exd5 6. e3 0-0 7. Qc2 Nc6 8. a3 Be6 9. Bd3 h6 10. Bf4 Nh5 11. Nge2 Rc8 12. h3 Nxf4 13. Nxf4 Qd7 14. g4 Bg5 15. Nce2 Rfe8 16. 0-0-0 Nd8 17. Kb1 c5 18. dxc5 b6 19. Nd4 Rxc5 20. Qd2 Nb7 21. f3 Rec8 22. h4 Bf6 23. Qh2 Be5 24. Qd2 Na5 25. Nfe2 Nc4 26. Bxc4 Rxc4 27. Rc1 b5 28. b3 Rxc1+ 29. Rxc1 Bd6 30. Kb2 Qb7 31. Rxc8+ Bxc8 32. Qc2 Bd7 33. Qd3 b4 34. a4 Be7 35. h5 Bf6 1/2-1/2

[Event "Montreal Mercredi 08"]
[Site "Montreal"]
[Date "2017.08.30"]
[Round "1"]
[White "Jean, Robert"]
[Black "O'Connor, Michael"]
[Result "0-1"]
[WhiteElo "1788"]
[BlackElo "1758"]
[PlyCount "102"]
[EventDate "2017.08.30"]
[EventType "swiss"]
[EventRounds "5"]
[EventCountry "CAN"]
[SourceTitle "EXT 2022"]
[Source "ChessBase"]
[SourceDate "2021.10.06"]
[SourceVersion "1"]
[SourceVersionDate "2021.10.06"]
[SourceQuality "1"]

1. d4 d5 2. c4 e6 3. Nc3 Nf6 4. cxd5 Nxd5 5. e4 Nxc3 6. bxc3 c5 7. Nf3 g6 8. Be2 Bg7 9. 0-0 0-0 10. Bg5 Qc7 11. Rc1 h6 12. Bh4 Nd7 13. Bg3 Qa5 14. Qb3 Rd8 15. Bd3 Nf6 16. h3 Bd7 17. Bb1 Bc6 18. Rfe1 Nh5 19. Be5 Nf6 20. Nd2 cxd4 21. Nc4 Qb5 22. cxd4 Qxb3 23. axb3 Ne8 24. Bxg7 Kxg7 25. Red1 Nf6 26. f3 Bb5 27. g4 Rac8 28. Kf2 b6 29. Ke3 Ne8 30. Bd3 f6 31. Na3 Bxd3 32. Kxd3 Nd6 33. Rxc8 Rxc8 34. Kd2 g5 35. Rc1 Rxc1 36. Kxc1 Kf7 37. Kd2 Ke7 38. Kd3 Kd7 39. Nc4 Nxc4 40. Kxc4 a6 41. d5 Kd6 42. dxe6 Kxe6 43. Kd4 Kd6 44. Kd3 Kc5 45. Ke3 b5 46. f4 a5 47. e5 fxe5 48. f5 a4 49. Kd2 a3 50. Kc2 e4 51. f6 Kd6 0-1

[Event "Montreal Mercredi 03"]
[Site "Montreal"]
[Date "2017.04.05"]
[Round "2"]
[White "Baran, Marius"]
[Black "Jean, Robert"]
[Result "1-0"]
[WhiteElo "1776"]
[BlackElo "1815"]
[PlyCount "107"]
[EventDate "2017.03.29"]
[EventType "swiss"]
[EventRounds "5"]
[EventCountry "CAN"]
[SourceTitle "EXT 2022"]
[Source "ChessBase"]
[SourceDate "2021.10.06"]
[SourceVersion "1"]
[SourceVersionDate "2021.10.06"]
[SourceQuality "1"]

1. e4 c5 2. Nf3 Nc6 3. d4 cxd4 4. Nxd4 Nf6 5. Nc3 d6 6. f3 e5 7. Nb3 Be6 8. Be3 Be7 9. Qd2 0-0 10. 0-0-0 a6 11. g4 b5 12. g5 Nh5 13. Ne2 a5 14. Kb1 a4 15. Nbc1 b4 16. Ng3 Nf4 17. Bxf4 exf4 18. Qxf4 Ne5 19. h4 b3 20. cxb3 a3 21. Nf5 axb2 22. Nxe7+ Qxe7 23. Kxb2 Rfc8 24. Qe3 Qc7 25. Rh2 Qa5 26. Rc2 Rcb8 27. Qc3 Qa3+ 28. Kb1 Rc8 29. Qb2 Rxc2 30. Qxa3 Rxa3 31. Kxc2 Nxf3 32. Rxd6 g6 33. Bb5 Ra7 34. a4 Nxh4 35. Rd3 Ng2 36. Kd2 Nf4 37. Rg3 Kg7 38. Ne2 Nxe2 39. Kxe2 h5 40. gxh6+ Kxh6 41. Rc3 g5 42. b4 g4 43. a5 Kg5 44. Bc6 Kf4 45. Kf2 f5 46. exf5 Kxf5 47. Ra3 Ke5 48. b5 Kd6 49. Bg2 Kc5 50. b6 Rf7+ 51. Kg3 Bc8 52. Rc3+ Kb5 53. Rxc8 Kxa5 54. b7 1-0

[Event "Montreal Mercredi 02"]
[Site "Montreal"]
[Date "2017.02.22"]
[Round "2"]
[White "Jean, Robert"]
[Black "Barko, Maxim"]
[Result "1-0"]
[WhiteElo "1851"]
[BlackElo "1903"]
[PlyCount "93"]
[EventDate "2017.02.15"]
[EventType "swiss"]
[EventRounds "5"]
[EventCountry "CAN"]
[SourceTitle "EXT 2022"]
[Source "ChessBase"]
[SourceDate "2021.10.06"]
[SourceVersion "1"]
[SourceVersionDate "2021.10.06"]
[SourceQuality "1"]

1. d4 e6 2. c4 b6 3. e4 Bb7 4. Bd3 Bb4+ 5. Nc3 f5 6. Qe2 Nf6 7. Bg5 h6 8. Bxf6 Qxf6 9. Nf3 Nc6 10. e5 Qg6 11. 0-0-0 Qg4 12. d5 Na5 13. Kc2 Bxc3 14. h3 Qg6 15. Kxc3 exd5 16. Nd4 0-0-0 17. Bxf5 Qg5 18. h4 Qe7 19. e6 d6 20. cxd5 Bxd5 21. b3 Nc6 22. Nxc6 Bxc6 23. Bh3 d5 24. Kb2 Kb8 25. Rc1 Bb7 26. Qe5 Rhf8 27. f3 d4 28. Rhd1 Rd5 29. Qe1 Ra5 30. a4 Rd8 31. Rc4 Rad5 32. f4 d3 33. Rd2 Ba6 34. Rc3 g6 35. g3 Ra5 36. Bg2 Bb7 37. Bxb7 Kxb7 38. Qe4+ Kb8 39. Rcxd3 Rxd3 40. Rxd3 Qf6+ 41. Ka2 Rc5 42. e7 Rc2+ 43. Ka3 Qb2+ 44. Kb4 a5+ 45. Kb5 Ka7 46. Qa8+ Kxa8 47. Ka6 1-0

[Event "Montreal Mercredi 04"]
[Site "Montreal"]
[Date "2017.02.01"]
[Round "5"]
[White "Jean, Robert"]
[Black "Brassard, Sylvain"]
[Result "1/2-1/2"]
[WhiteElo "1802"]
[BlackElo "1881"]
[PlyCount "50"]
[EventDate "2017.01.04"]
[EventType "swiss"]
[EventRounds "5"]
[EventCountry "CAN"]
[SourceTitle "EXT 2022"]
[Source "ChessBase"]
[SourceDate "2021.10.06"]
[SourceVersion "1"]
[SourceVersionDate "2021.10.06"]
[SourceQuality "1"]

1. d4 d5 2. c4 Nc6 3. Nc3 dxc4 4. Nf3 Nf6 5. e4 Bg4 6. Be3 e6 7. Bxc4 Bb4 8. Qd3 0-0 9. a3 Ba5 10. 0-0 Bxf3 11. gxf3 Bb6 12. Rad1 e5 13. d5 Nd4 14. Bg5 Qd6 15. Nb5 Nxb5 16. Bxb5 Nh5 17. Kh1 f5 18. exf5 Rf7 19. Qc2 Raf8 20. Bd3 h6 21. Be3 Qf6 22. Rg1 Nf4 23. Bxf4 exf4 24. Be4 Qd6 25. Rg2 Rf6 1/2-1/2

[Event "Muret op Seniors"]
[Site "Muret"]
[Date "2016.06.23"]
[Round "4"]
[White "Jean, Robert"]
[Black "Tholey, Jean Paul"]
[Result "0-1"]
[WhiteElo "1754"]
[BlackElo "1868"]
[PlyCount "98"]
[EventDate "2016.06.20"]
[EventType "swiss"]
[EventRounds "7"]
[EventCountry "FRA"]
[SourceTitle "EXT 2017"]
[Source "ChessBase"]
[SourceDate "2016.10.25"]
[SourceVersion "1"]
[SourceVersionDate "2016.10.25"]
[SourceQuality "1"]

1. c4 c6 2. g3 Nf6 3. Nf3 d5 4. Bg2 Nbd7 5. 0-0 dxc4 6. Na3 Nb6 7. Qc2 Qd5 8. b3 cxb3 9. axb3 Bf5 10. d3 Qd8 11. Bb2 e6 12. Nd4 Be7 13. Nxf5 exf5 14. Nc4 Nxc4 15. dxc4 g6 16. Rfd1 Qc7 17. Bc3 0-0 18. Qb2 Ne4 19. Be5 Qc8 20. Bg7 Rd8 21. Bxe4 fxe4 22. Bh8 Bf8 23. Bf6 Rxd1+ 24. Rxd1 Qe6 25. Qd4 Be7 26. Bxe7 Qxe7 27. Qd7 Re8 28. Qd4 c5 29. Qe3 b6 30. Rd5 Qe6 31. Kg2 f5 32. Qd2 e3 33. fxe3 Qxe3 34. Qxe3 Rxe3 35. Kf2 Rxb3 36. Rd8+ Kg7 37. Rd7+ Kf6 38. Rxa7 Rb4 39. Rb7 Ke5 40. Ke3 Rb3+ 41. Kd2 Kd4 42. Rxh7 Rb2+ 43. Ke1 Kxc4 44. Rg7 b5 45. Rxg6 b4 46. Rb6 b3 47. h4 Kc3 48. h5 Rb1+ 49. Kf2 Rh1 0-1

[Event "Montreal Mercredi 02"]
[Site "Montreal"]
[Date "2016.03.02"]
[Round "3"]
[White "Baran, Marius"]
[Black "Jean, Robert"]
[Result "1-0"]
[WhiteElo "1719"]
[BlackElo "1715"]
[PlyCount "81"]
[EventDate "2016.02.17"]
[EventType "swiss"]
[EventRounds "5"]
[EventCountry "CAN"]
[SourceTitle "EXT 2022"]
[Source "ChessBase"]
[SourceDate "2021.10.06"]
[SourceVersion "1"]
[SourceVersionDate "2021.10.06"]
[SourceQuality "1"]

1. e4 c5 2. Nf3 Nc6 3. d4 cxd4 4. Nxd4 Nf6 5. Nxc6 bxc6 6. Nc3 e5 7. Bc4 Bb4 8. 0-0 Bxc3 9. bxc3 0-0 10. Re1 h6 11. Ba3 Re8 12. Bd6 Qa5 13. Qd3 a6 14. Rab1 Nh7 15. Bb4 Qd8 16. Bd6 a5 17. a4 Qf6 18. Re3 Ng5 19. h4 Ne6 20. g3 Nd8 21. Rf3 Qg6 22. Rf5 Kh7 23. Rxe5 Ne6 24. Kh2 f6 25. Rf5 Qf7 26. Bc7 d5 27. exd5 Nc5 28. Rxf6+ Nxd3 29. Rxf7 Nc5 30. dxc6 Nxa4 31. Ra1 Nxc3 32. Rxa5 Rxa5 33. Bxa5 Ne4 34. Bd3 Kg8 35. Rf4 Nf6 36. Rd4 Ng4+ 37. Kg2 Ne5 38. Be4 Kf7 39. Rd8 Ke7 40. Rxe8+ Kxe8 41. Bc3 1-0

[Event "Sautron op 15th"]
[Site "Sautron"]
[Date "2015.10.23"]
[Round "3.25"]
[White "Jean, Robert"]
[Black "Rabhi, Chamss Eddine"]
[Result "1/2-1/2"]
[WhiteElo "1737"]
[BlackElo "1953"]
[PlyCount "35"]
[EventDate "2015.10.24"]
[EventType "swiss"]
[EventRounds "9"]
[EventCountry "FRA"]
[SourceTitle "EXT 2019"]
[Source "ChessBase"]
[SourceDate "2018.10.10"]
[SourceVersion "1"]
[SourceVersionDate "2018.10.10"]
[SourceQuality "1"]

1. c4 Nf6 2. g3 g6 3. Bg2 d6 4. Nc3 Bg7 5. e4 e5 6. Nge2 0-0 7. 0-0 c6 8. d4 Na6 9. dxe5 dxe5 10. h3 Be6 11. b3 Qc8 12. Kh2 Rd8 13. Qc2 Nb4 14. Qb1 Nh5 15. Bg5 f6 16. Be3 Qc7 17. a3 Nd3 18. Rd1 1/2-1/2

[Event "Sautron op 15th"]
[Site "Sautron"]
[Date "2015.10.23"]
[Round "6.26"]
[White "Le Gallo, Frederic"]
[Black "Jean, Robert"]
[Result "1-0"]
[WhiteElo "1959"]
[BlackElo "1737"]
[PlyCount "41"]
[EventDate "2015.10.24"]
[EventType "swiss"]
[EventRounds "9"]
[EventCountry "FRA"]
[SourceTitle "EXT 2019"]
[Source "ChessBase"]
[SourceDate "2018.10.10"]
[SourceVersion "1"]
[SourceVersionDate "2018.10.10"]
[SourceQuality "1"]

1. e4 c5 2. d4 cxd4 3. c3 dxc3 4. Nxc3 Nc6 5. Nf3 d6 6. Bc4 e6 7. 0-0 Nge7 8. Qe2 a6 9. Rd1 Ng6 10. a4 Be7 11. Be3 0-0 12. g3 Bd7 13. Nd4 Rc8 14. f4 Qc7 15. Ba2 Nb4 16. Bb3 Nc6 17. Rac1 Qb8 18. h4 Nxd4 19. Bxd4 e5 20. fxe5 Nxe5 21. Bxe5 1-0